000 00437nam a2200193Ia 4500
008 180620s9999 xx 000 0 und d
020 _a81-89093-90-8
050 _aREF P 301.5
050 _b.I34C67 2006
100 _aCopper, David.
245 0 _aIdioms /
245 0 _cDavid Copper.
260 _aNew Delhi :
260 _bLotus Press.,
260 _c2005
300 _a191 pages :
300 _c22 cm.
650 _aIdioms.
999 _c358020
_d358020